|
|
|
|
| LEADER |
01062nam a22003132a 4500 |
| 001 |
001671693 |
| 003 |
CZ BrMZK |
| 005 |
20190617075900.0 |
| 007 |
ta |
| 008 |
190304s1957 xr er|||||||||||cze d |
| 015 |
|
|
|a cnb000727773
|
| 035 |
|
|
|a (OCoLC)85699462
|
| 040 |
|
|
|a ABA001
|b cze
|c OSA001
|d ABA001
|d BOA001
|
| 072 |
|
7 |
|a 66
|x Chemický průmysl. Chemická technologie
|2 Konspekt
|9 19
|
| 080 |
|
|
|a 662.741:334.716
|2 MRF
|
| 080 |
|
|
|a 621.771:334.716
|2 MRF
|
| 080 |
|
|
|a (041)
|2 MRF
|
| 245 |
0 |
0 |
|a Nové pracovní methody hutní koksovny a válcovny trub :
|b instruktážní brožura
|
| 260 |
|
|
|a Kunčice :
|b Nová huť Klementa Gottwalda,
|c 1957
|
| 300 |
|
|
|a 17 s. :
|b il. ;
|c 8°
|
| 490 |
1 |
|
|a Dohnat a předehnat ;
|v č. 8
|
| 650 |
0 |
7 |
|a koksovny
|7 ph270310
|2 czenas
|
| 650 |
0 |
7 |
|a válcovny železa
|7 ph865633
|2 czenas
|
| 655 |
|
7 |
|a brožury
|7 fd131925
|2 czenas
|
| 830 |
|
0 |
|a Dohnat a předehnat
|
| 910 |
|
|
|a BOA001
|b X-0385.030
|
| 990 |
|
|
|a BK
|
| 991 |
|
|
|b 201902
|
| 996 |
6 |
|
|b 2618976118
|c X-0385.030
|l MZK
|r Sklad / do 24 hodin
|n 0
|w 001710876
|u 000010
|a 1
|e BOA001
|j MZK50
|s P
|